[Event "Bamberg-Open 2019"]
[Site "Bamberg"]
[Date "2019.05.30"]
[Round "3.1"]
[White "Plat, Vojtech"]
[Black "Spitzl, Vinzent"]
[Result "1-0"]
[WhiteElo "2540"]
[BlackElo "2263"]
[Annotator "TA"]
[PlyCount "133"]
[EventDate "2019.05.12"]
[EventType "swiss"]
[EventCountry "GER"]
[SourceTitle "playchess.com"]
[Source "ChessBase"]
[SourceQuality "1"]

{[%evp 14,133,30,-18,-10,-18,-13,-3,-8,-31,-13,-22,-12,-41,-23,-41,-23,-21,-11,-31,-21,-16,0,0,0,0,0,0,2,0,0,0,1,0,0,0,0,-8,0,-6,0,-36,-32,-41,0,0,0,0,73,67,28,32,67,65,58,61,57,56,56,32,40,0,0,0,0,0,215,128,276,262,302,272,220,82,107,44,107,107,107,122,118,47,53,66,58,44,58,59,62,0,0,0,0,0,0,0,0,0,0,0,0,0,0,0,8,8,8,8,406,387,5093,4421,29974,29972,29975,29976,29976,29977,29977,29978,29985,29985]} 1. e4 c6 2. d4 d5 3. exd5 cxd5 4. Bd3 Nc6 5. c3 Qc7 6. Ne2 Bg4 7. f3 Bd7 8. Bf4 e5 {B13: Caro-Kann: Exchange Variation and Panov-Botvinnik Attack} 9. dxe5 Nxe5 10. Bxe5 (10. Bc2 Nf6 11. O-O Bd6 12. Kh1 O-O 13. Nd2 Nh5 14. Nb3 Bc6 15. Nbd4 Nxf4 16. Nxf4 {½-½ (50) Stanojoski,Z (2447)-Ruck,R (2512) Skopje 2018}) 10... Qxe5 {The position is equal.} 11. O-O Bc5+ 12. Kh1 Nf6 {[#]} 13. Nd4 $146 {[%mdl 512] Hoping for Re1.} ({Predecessor:} 13. Nd2 O-O-O 14. Nb3 Bd6 15. f4 Qe3 16. Rf3 {0-1 (52) Dahlhaus,F (2052)-Frick,C (2275) Marianske Lazne 2016}) 13... O-O (13... Bxd4 14. Re1) 14. Re1 Qd6 15. Nd2 {[%cal Bb1d2,Bd2f1,Bf1e3][%mdl 32]} Bb6 16. Nf1 Rfe8 17. Qd2 Bc7 18. g3 Rxe1 19. Rxe1 Re8 20. Rxe8+ Nxe8 21. Ne3 g6 22. Bb5 Bc6 23. Qe2 Kf8 24. a4 Bb6 25. Nec2 Nc7 26. Bxc6 bxc6 27. Nb3 Ne6 28. a5 Bc5 29. Kg2 h5 30. Qd2 Qe5 (30... Kg8 $11) 31. Nxc5 $16 Nxc5 32. Nd4 Qd6 33. Qf4 Ke7 $1 34. Qe3+ Kf8 35. b4 $36 {[%mdl 2048] White fights for an advantage.} Nd7 36. Qh6+ Ke7 $1 37. b5 cxb5 38. Qg5+ Kf8 39. Nxb5 Qe6 $2 (39... Qc6 $1 $11 40. Nxa7 Qa6 41. Qd8+ {[%mdl 64] Double Attack} Kg7 42. Qxd7 Qe2+ 43. Kg1 (43. Kh3 $2 Qf1+ 44. Kh4 Qxf3 $19) 43... Qe1+ 44. Kg2 Qe2+ 45. Kg1 (45. Kh3 $2 Qf1+ 46. Kh4 Qxf3 $19) 45... Qe1+ 46. Kg2 Qe2+) 40. Nd4 ({Wrong is} 40. Nxa7 $2 Qe2+ 41. Kg1 Ne5 $19) (40. Qd8+ $1 $18 Qe8 41. Qxe8+ Kxe8 42. Nxa7) 40... Qd6 {[#]} (40... Qe7 $16 41. Qxd5 Nc5) 41. Qd8+ $1 $18 Kg7 {[#]} 42. a6 $1 {[%mdl 512]} f6 {[#]} (42... Qxa6 43. Qxd7) 43. Kf2 (43. Qc8 $1 $18 {[%cal Rc8b7] has better winning chances.} Ne5 44. f4) 43... Kf7 44. Qa8 (44. h4 $16) 44... Qc5 ({Black should try} 44... Qxa6 $14 45. Qxd5+ {[%mdl 64] Double Attack} Ke8) 45. Kg2 $16 Ke7 46. Qg8 {And now Qe6+ would win.} Qxc3 47. Qg7+ (47. Qe6+ $16 Kd8 48. Qxd5) 47... Kd8 $1 $14 48. Ne6+ Ke8 49. Qxg6+ Ke7 50. Nf4 Kd6 51. Qxh5 (51. Qf5 $14 Qb2+ 52. Kh3) 51... Ne5 $11 52. Qf5 Qxf3+ 53. Kh3 Kc5 54. Kh4 Qe4 55. Qxf6 Qh7+ 56. Nh5 Qe4+ 57. Kg5 Nf3+ 58. Kh6 Qe3+ 59. Nf4 {Black must now prevent h4.} Nxh2 {Strongly threatening ...Ng4+.} 60. Qg5 Qe4 $2 {[%mdl 8192]} (60... Qc3 $11 {and Black has nothing to worry.}) 61. Qg7 $18 Qf5 $2 (61... Kb6 62. Qb2+ {[%mdl 64] Double Attack} Kxa6 63. Qxh2 d4) 62. Qxa7+ Kb5 63. Qb7+ {White mates.} Ka5 64. a7 {[%cal Ra7a8]} Ng4+ 65. Kg7 {[%cal Ra7a8]} Qf6+ 66. Kg8 Qd8+ 67. Kh7 {Accuracy: White = 52%, Black = 57%.} 1-0

[Event "Bamberg-Open 2019"]
[Site "Bamberg"]
[Date "2019.05.30"]
[Round "3.2"]
[White "Chennaoui, Yasin"]
[Black "Hacker, Jonas"]
[Result "0-1"]
[WhiteElo "2184"]
[BlackElo "2386"]
[Annotator "ChessBase"]
[PlyCount "112"]
[EventDate "2019.05.12"]
[EventType "swiss"]
[EventCountry "GER"]
[SourceTitle "playchess.com"]
[Source "ChessBase"]
[SourceQuality "1"]
[TimeControl "40/5400+30:900+30"]

1. c4 {[%emt 0:00:00]} e5 {[%emt 0:00:00]} 2. Nc3 {[%emt 0:00:00]} Nf6 {[%emt 0:00:00]} 3. g3 {[%emt 0:00:07]} d5 {[%emt 0:00:00]} 4. cxd5 {[%emt 0:00:06]} Nxd5 {[%emt 0:00:00]} 5. Bg2 {[%emt 0:00:05]} Nb6 {[%emt 0:00:00]} 6. Nf3 {[%emt 0:00:06]} Nc6 {[%emt 0:00:04]} 7. O-O {[%emt 0:00:08]} Be7 {[%emt 0:00:10]} 8. d3 {[%emt 0:00:12]} O-O {[%emt 0:00:18]} 9. Be3 {[%emt 0:00:04]} f5 {[%emt 0:00:56]} 10. b4 {[%emt 0:04:29]} Bf6 {[%emt 0:06:48]} 11. Bc5 {[%emt 0:01:56]} Re8 {[%emt 0:01:41]} 12. e4 {[%emt 0:00:15]} Nd7 {[%emt 0:17:19]} 13. Qb3+ {[%emt 0:03:16]} Kh8 {[%emt 0:00:09]} 14. Nd5 {[%emt 0:01:41]} Nxc5 {[%emt 0:05:34]} 15. bxc5 {[%emt 0:00:12]} Rb8 {[%emt 0:00:23]} 16. Nxf6 {[%emt 0:12:44]} Qxf6 {[%emt 0:00:34]} 17. Rfe1 {[%emt 0:01:59]} f4 {[%emt 0:04:41]} 18. gxf4 {[%emt 0:32:16]} Qxf4 {[%emt 0:01:02]} 19. Re3 {[%emt 0:03:24]} Bg4 {[%emt 0:04:38]} 20. Rb1 {[%emt 0:01:16]} Rf8 {[%emt 0:05:56]} 21. Qb2 {[%emt 0:18:09]} Rf6 {[%emt 0:06:36]} 22. h3 {[%emt 0:00:09]} Bh5 {[%emt 0:02:34]} 23. Kh1 {[%emt 0:05:37]} Rff8 {[%emt 0:05:19]} 24. Rf1 {[%emt 0:04:41]} Qf6 {[%emt 0:05:27]} 25. Kg1 {[%emt 0:07:20]} Qe7 {[%emt 0:01:00]} 26. Rc1 {[%emt 0:01:07]} Bxf3 {[%emt 0:07:26]} 27. Rxf3 {[%emt 0:00:01]} Rxf3 {[%emt 0:00:15]} 28. Bxf3 {[%emt 0:00:01]} Qg5+ {[%emt 0:01:04]} 29. Kh1 {[%emt 0:01:41]} Nd4 {[%emt 0:01:20]} 30. Rg1 {[%emt 0:00:02]} Qe7 {[%emt 0:02:12]} 31. Rg3 {[%emt 0:00:43]} Qxc5 {[%emt 0:00:49]} 32. Qd2 {[%emt 0:00:26]} Qe7 {[%emt 0:02:40]} 33. Kg2 {[%emt 0:01:39]} Ne6 {[%emt 0:03:33]} 34. Bg4 {[%emt 0:00:20]} Nf4+ {[%emt 0:00:08]} 35. Kh2 {[%emt 0:00:15]} c5 {[%emt 0:00:30]} 36. Qa5 {[%emt 0:00:38]} b6 {[%emt 0:00:24]} 37. Qb5 {[%emt 0:00:36]} Rd8 {[%emt 0:03:32]} 38. a4 {[%emt 0:00:08]} g6 {[%emt 0:01:09]} 39. a5 {[%emt 0:00:27]} bxa5 {[%emt 0:00:40]} 40. Qxa5 {[%emt 0:00:29]} Rxd3 {[%emt 0:00:45]} 41. Qa6 {[%emt 0:03:23]} Rd6 {[%emt 0:03:09]} 42. Qc8+ {[%emt 0:00:44]} Rd8 {[%emt 0:00:10]} 43. Qa6 {[%emt 0:00:57]} Rf8 {[%emt 0:05:57]} 44. Qc6 {[%emt 0:03:40]} Rf6 {[%emt 0:02:58]} 45. Qa8+ {[%emt 0:00:58]} Kg7 {[%emt 0:00:55]} 46. Rb3 {[%emt 0:03:02]} Rb6 {[%emt 0:01:44]} 47. Ra3 {[%emt 0:00:05]} Rb7 {[%emt 0:00:18]} 48. Ra5 {[%emt 0:01:45]} Rc7 {[%emt 0:01:13]} 49. Rb5 {[%emt 0:00:14]} c4 {[%emt 0:02:07]} 50. Rb8 {[%emt 0:01:51]} c3 {[%emt 0:01:15]} 51. Rg8+ {[%emt 0:00:08]} Kh6 {[%emt 0:00:17]} 52. Re8 {[%emt 0:00:54]} Qh4 {[%emt 0:00:34]} 53. Kg1 {[%emt 0:00:25]} c2 {[%emt 0:00:20]} 54. Rd8 {[%emt 0:00:24]} c1=Q+ {[%emt 0:01:21]} 55. Rd1 {[%emt 0:00:09]} Nxh3+ {[%emt 0:00:32]} 56. Kh1 {[%emt 0:01:36]} Nf4+ {[%emt 0:00:39]} 0-1

[Event "Bamberg-Open 2019"]
[Site "Bamberg"]
[Date "2019.05.30"]
[Round "3.3"]
[White "Langheinrich, Ferenc"]
[Black "Stauch, Edgar"]
[Result "1-0"]
[WhiteElo "2379"]
[BlackElo "2207"]
[Annotator "ChessBase"]
[PlyCount "51"]
[EventDate "2019.05.12"]
[EventType "swiss"]
[EventCountry "GER"]
[SourceTitle "playchess.com"]
[Source "ChessBase"]
[SourceQuality "1"]
[TimeControl "40/5400+30:900+30"]

1. d4 {[%emt 0:00:00]} Nf6 {[%emt 0:00:00]} 2. c4 {[%emt 0:00:00]} g6 {[%emt 0:00:00]} 3. Nc3 {[%emt 0:00:00]} Bg7 {[%emt 0:00:00]} 4. Nf3 {[%emt 0:02:21]} d6 {[%emt 0:00:51]} 5. h3 {[%emt 0:00:30]} O-O {[%emt 0:01:09]} 6. Bg5 {[%emt 0:00:21]} h6 {[%emt 0:00:23]} 7. Bh4 {[%emt 0:00:06]} Nbd7 {[%emt 0:05:43]} 8. e3 {[%emt 0:00:18]} Re8 {[%emt 0:04:47]} 9. Be2 {[%emt 0:00:58]} c6 {[%emt 0:02:38]} 10. O-O {[%emt 0:01:02]} e5 {[%emt 0:02:42]} 11. Rc1 {[%emt 0:03:18]} Qa5 {[%emt 0:07:44]} 12. Bg3 {[%emt 0:01:35]} a6 {[%emt 0:09:19]} 13. Rb1 {[%emt 0:05:31]} b5 {[%emt 0:14:11]} 14. b4 {[%emt 0:07:22]} Qd8 {[%emt 0:08:52]} 15. dxe5 {[%emt 0:00:33]} Nh5 {[%emt 0:00:16]} 16. Bh2 {[%emt 0:04:42]} Nxe5 {[%emt 0:07:09]} 17. Nxe5 {[%emt 0:02:07]} Bxe5 {[%emt 0:00:31]} 18. Bxe5 {[%emt 0:01:10]} Rxe5 {[%emt 0:00:24]} 19. Qd4 {[%emt 0:00:54]} Ng7 {[%emt 0:03:29]} 20. Rbd1 {[%emt 0:00:23]} Re6 {[%emt 0:01:20]} 21. Bg4 {[%emt 0:01:18]} Nf5 {[%emt 0:03:56]} 22. Qf4 {[%emt 0:03:21]} Qe7 {[%emt 0:02:13]} 23. e4 {[%emt 0:00:22]} g5 {[%emt 0:04:09]} 24. Qd2 {[%emt 0:00:55]} Rxe4 {[%emt 0:02:31]} 25. Nxe4 {[%emt 0:00:10]} Qxe4 {[%emt 0:00:05]} 26. Rfe1 {[%emt 0:00:03]} 1-0

[Event "Bamberg-Open 2019"]
[Site "Bamberg"]
[Date "2019.05.30"]
[Round "3.4"]
[White "Hirneise, Jens"]
[Black "Delitzsch, Juergen"]
[Result "1-0"]
[WhiteElo "2375"]
[BlackElo "2175"]
[Annotator "ChessBase"]
[PlyCount "148"]
[EventDate "2019.05.12"]
[EventType "swiss"]
[EventCountry "GER"]
[SourceTitle "playchess.com"]
[Source "ChessBase"]
[SourceQuality "1"]
[TimeControl "40/5400+30:900+30"]

1. e4 {[%emt 0:00:00]} c5 {[%emt 0:00:00]} 2. Nf3 {[%emt 0:00:00]} Nc6 {[%emt 0:00:00]} 3. d4 {[%emt 0:00:00]} cxd4 {[%emt 0:00:00]} 4. Nxd4 {[%emt 0:00:00]} g6 {[%emt 0:00:00]} 5. Nc3 {[%emt 0:00:11]} Bg7 {[%emt 0:00:01]} 6. Be3 {[%emt 0:00:06]} Nf6 {[%emt 0:00:04]} 7. Bc4 {[%emt 0:00:41]} O-O {[%emt 0:01:00]} 8. Bb3 {[%emt 0:00:17]} d6 {[%emt 0:00:09]} 9. f3 {[%emt 0:00:48]} Bd7 {[%emt 0:00:10]} 10. Qd2 {[%emt 0:00:40]} Rc8 {[%emt 0:00:27]} 11. O-O-O {[%emt 0:01:37]} Ne5 {[%emt 0:00:49]} 12. Kb1 {[%emt 0:00:32]} Re8 {[%emt 0:03:06]} 13. h4 {[%emt 0:00:51]} h5 {[%emt 0:03:16]} 14. Bg5 {[%emt 0:03:10]} Rc5 {[%emt 0:05:31]} 15. Rhe1 {[%emt 0:01:09]} Qc8 {[%emt 0:14:31]} 16. Bh6 {[%emt 0:26:36]} Bh8 {[%emt 0:01:16]} 17. Be3 {[%emt 0:02:37]} Nc4 {[%emt 0:01:17]} 18. Bxc4 {[%emt 0:00:59]} Rxc4 {[%emt 0:00:07]} 19. Nd5 {[%emt 0:04:31]} b5 {[%emt 0:16:06]} 20. c3 {[%emt 0:05:52]} Nxd5 {[%emt 0:03:15]} 21. exd5 {[%emt 0:00:02]} a5 {[%emt 0:16:02]} 22. Rc1 {[%emt 0:21:08]} Qb7 {[%emt 0:04:06]} 23. Nb3 {[%emt 0:09:31]} Qa8 {[%emt 0:05:58]} 24. Bg5 {[%emt 0:12:33]} a4 {[%emt 0:03:11]} 25. Na1 {[%emt 0:05:48]} a3 {[%emt 0:05:17]} 26. Nb3 {[%emt 0:02:24]} Bf5+ {[%emt 0:00:46]} 27. Ka1 {[%emt 0:00:13]} axb2+ {[%emt 0:00:06]} 28. Qxb2 {[%emt 0:00:12]} b4 {[%emt 0:00:47]} 29. Bd2 {[%emt 0:00:08]} Rec8 {[%emt 0:01:12]} 30. Nd4 {[%emt 0:01:00]} Qxd5 {[%emt 0:04:14]} 31. Nxf5 {[%emt 0:00:37]} Qxf5 {[%emt 0:00:07]} 32. Qc2 {[%emt 0:01:13]} Qxc2 {[%emt 0:03:02]} 33. Rxc2 {[%emt 0:00:01]} bxc3 {[%emt 0:00:12]} 34. Bg5 {[%emt 0:00:25]} e6 {[%emt 0:00:07]} 35. Rd1 {[%emt 0:00:39]} d5 {[%emt 0:00:07]} 36. a3 {[%emt 0:00:18]} Kf8 {[%emt 0:01:29]} 37. Ka2 {[%emt 0:00:18]} Ra8 {[%emt 0:00:26]} 38. g3 {[%emt 0:00:54]} Be5 {[%emt 0:01:03]} 39. Rd3 {[%emt 0:00:50]} d4 {[%emt 0:01:11]} 40. g4 {[%emt 0:00:37]} Rca4 {[%emt 0:01:19]} 41. Bc1 {[%emt 0:02:12]} Bd6 {[%emt 0:01:29]} 42. Kb3 {[%emt 0:00:11]} hxg4 {[%emt 0:01:07]} 43. fxg4 {[%emt 0:00:27]} e5 {[%emt 0:00:05]} 44. Re2 {[%emt 0:02:53]} R4a5 {[%emt 0:01:08]} 45. h5 {[%emt 0:03:50]} Bxa3 {[%emt 0:03:17]} 46. Bh6+ {[%emt 0:00:14]} Kg8 {[%emt 0:00:20]} 47. Ra2 {[%emt 0:02:07]} Rb8+ {[%emt 0:03:37]} 48. Kc2 {[%emt 0:00:05]} Bb4 {[%emt 0:00:59]} 49. Rxa5 {[%emt 0:00:34]} Bxa5 {[%emt 0:00:04]} 50. hxg6 {[%emt 0:02:01]} fxg6 {[%emt 0:00:10]} 51. Rd1 {[%emt 0:01:18]} Kf7 {[%emt 0:02:00]} 52. Kd3 {[%emt 0:01:00]} Ke6 {[%emt 0:00:48]} 53. Ra1 {[%emt 0:00:52]} Rb5 {[%emt 0:01:00]} 54. Kc4 {[%emt 0:01:57]} Rd5 {[%emt 0:00:44]} 55. Kd3 {[%emt 0:01:56]} e4+ {[%emt 0:00:59]} 56. Kxe4 {[%emt 0:00:01]} d3 {[%emt 0:00:08]} 57. Rxa5 {[%emt 0:00:33]} Rxa5 {[%emt 0:00:07]} 58. Kxd3 {[%emt 0:00:01]} Rc5 {[%emt 0:00:46]} 59. Kc2 {[%emt 0:00:54]} Rc7 {[%emt 0:02:03]} 60. Bf8 {[%emt 0:01:17]} Ke5 {[%emt 0:01:45]} 61. Bb4 {[%emt 0:00:22]} Kd4 {[%emt 0:00:48]} 62. g5 {[%emt 0:00:44]} Ke4 {[%emt 0:01:12]} 63. Ba5 {[%emt 0:00:52]} Rc8 {[%emt 0:00:23]} 64. Bb4 {[%emt 0:00:17]} Kd4 {[%emt 0:04:20]} 65. Ba5 {[%emt 0:00:47]} Kd5 {[%emt 0:00:32]} 66. Bxc3 {[%emt 0:00:28]} Ke4 {[%emt 0:00:16]} 67. Kd2 {[%emt 0:00:29]} Rxc3 {[%emt 0:00:05]} 68. Kxc3 {[%emt 0:00:04]} Kf4 {[%emt 0:00:05]} 69. Kd2 {[%emt 0:01:01]} Kxg5 {[%emt 0:00:07]} 70. Ke3 {[%emt 0:00:32]} Kg4 {[%emt 0:00:06]} 71. Ke2 {[%emt 0:00:31]} Kg3 {[%emt 0:01:09]} 72. Kf1 {[%emt 0:00:22]} g5 {[%emt 0:00:31]} 73. Kg1 {[%emt 0:00:05]} g4 {[%emt 0:01:11]} 74. Kh1 {[%emt 0:00:14]} Kf2 {[%emt 0:00:22]} 1-0

[Event "Bamberg-Open 2019"]
[Site "Bamberg"]
[Date "2019.05.30"]
[Round "3.5"]
[White "Schenk, Alexander"]
[Black "Scholz, Christian"]
[Result "0-1"]
[WhiteElo "2096"]
[BlackElo "2372"]
[Annotator "ChessBase"]
[PlyCount "58"]
[EventDate "2019.05.12"]
[EventType "swiss"]
[EventCountry "GER"]
[SourceTitle "playchess.com"]
[Source "ChessBase"]
[SourceQuality "1"]
[TimeControl "40/5400+30:900+30"]

1. d4 {[%emt 0:00:00]} Nf6 {[%emt 0:00:00]} 2. Nf3 {[%emt 0:00:00]} g6 {[%emt 0:00:00]} 3. c4 {[%emt 0:00:00]} Bg7 {[%emt 0:00:00]} 4. Nc3 {[%emt 0:00:00]} d6 {[%emt 0:00:00]} 5. e4 {[%emt 0:00:00]} O-O {[%emt 0:00:04]} 6. Be2 {[%emt 0:00:00]} e5 {[%emt 0:00:06]} 7. O-O {[%emt 0:01:05]} Na6 {[%emt 0:00:08]} 8. d5 {[%emt 0:00:20]} Nc5 {[%emt 0:00:08]} 9. Qc2 {[%emt 0:00:06]} a5 {[%emt 0:00:06]} 10. Bg5 {[%emt 0:00:06]} h6 {[%emt 0:00:06]} 11. Be3 {[%emt 0:01:00]} b6 {[%emt 0:00:07]} 12. Nd2 {[%emt 0:00:15]} Ng4 {[%emt 0:00:26]} 13. Bxg4 {[%emt 0:00:27]} Bxg4 {[%emt 0:00:07]} 14. a3 {[%emt 0:02:27]} Na6 {[%emt 0:00:15]} 15. Rab1 {[%emt 0:07:01]} Bd7 {[%emt 0:00:09]} 16. b4 {[%emt 0:00:34]} axb4 {[%emt 0:00:06]} 17. axb4 {[%emt 0:00:04]} f5 {[%emt 0:00:09]} 18. exf5 {[%emt 0:03:58]} gxf5 {[%emt 0:00:09]} 19. f4 {[%emt 0:05:15]} Qf6 {[%emt 0:00:15]} 20. Nf3 {[%emt 0:05:42]} Rae8 {[%emt 0:05:45]} 21. fxe5 {[%emt 0:04:54]} dxe5 {[%emt 0:00:21]} 22. Qa2 {[%emt 0:16:06]} Bc8 {[%emt 0:20:01]} 23. Nb5 {[%emt 0:04:36]} f4 {[%emt 0:10:00]} 24. Bf2 {[%emt 0:05:50]} e4 {[%emt 0:00:23]} 25. Bd4 {[%emt 0:02:21]} Qg6 {[%emt 0:01:16]} 26. Bxg7 {[%emt 0:00:58]} exf3 {[%emt 0:01:01]} 27. Bxf8 {[%emt 0:02:56]} Re2 {[%emt 0:00:06]} 28. Qxe2 {[%emt 0:00:03]} fxe2 {[%emt 0:00:06]} 29. Rxf4 {[%emt 0:00:03]} Qxb1+ {[%emt 0:00:10]} 0-1

[Event "Bamberg-Open 2019"]
[Site "Bamberg"]
[Date "2019.05.30"]
[Round "3.6"]
[White "Gegenfurtner, Juergen"]
[Black "Berghof, Axel"]
[Result "1/2-1/2"]
[WhiteElo "2323"]
[BlackElo "2155"]
[Annotator "ChessBase"]
[PlyCount "48"]
[EventDate "2019.05.12"]
[EventType "swiss"]
[EventCountry "GER"]
[SourceTitle "playchess.com"]
[Source "ChessBase"]
[SourceQuality "1"]
[TimeControl "40/5400+30:900+30"]

1. e4 {[%emt 0:00:00]} c6 {[%emt 0:01:08]} 2. d4 {[%emt 0:00:00]} d5 {[%emt 0:00:09]} 3. exd5 {[%emt 0:00:00]} cxd5 {[%emt 0:00:09]} 4. Bd3 {[%emt 0:00:00]} g6 {[%emt 0:00:07]} 5. Nf3 {[%emt 0:00:08]} Bg7 {[%emt 0:00:11]} 6. O-O {[%emt 0:00:21]} Nh6 {[%emt 0:01:22]} 7. Re1 {[%emt 0:02:50]} O-O {[%emt 0:01:00]} 8. c3 {[%emt 0:03:11]} Nc6 {[%emt 0:01:00]} 9. Bf4 {[%emt 0:04:59]} f6 {[%emt 0:00:48]} 10. c4 {[%emt 0:01:57]} Bg4 {[%emt 0:15:55]} 11. cxd5 {[%emt 0:01:55]} Nxd4 {[%emt 0:03:09]} 12. Nc3 {[%emt 0:30:14]} Nf7 {[%emt 0:10:10]} 13. Be2 {[%emt 0:11:41]} Nxe2+ {[%emt 0:05:03]} 14. Qxe2 {[%emt 0:00:17]} Ne5 {[%emt 0:01:51]} 15. Rad1 {[%emt 0:01:01]} Bxf3 {[%emt 0:15:46]} 16. gxf3 {[%emt 0:02:19]} h6 {[%emt 0:09:00]} 17. Kh1 {[%emt 0:02:23]} Qd7 {[%emt 0:02:37]} 18. Rg1 {[%emt 0:01:52]} g5 {[%emt 0:06:40]} 19. Bxe5 {[%emt 0:00:26]} fxe5 {[%emt 0:00:10]} 20. Ne4 {[%emt 0:00:42]} b6 {[%emt 0:01:15]} 21. d6 {[%emt 0:01:50]} Kh8 {[%emt 0:07:24]} 22. Kg2 {[%emt 0:01:30]} Rf4 {[%emt 0:01:19]} 23. dxe7 {[%emt 0:01:36]} Qxe7 {[%emt 0:00:38]} 24. Rd3 {[%emt 0:04:23]} Raf8 {[%emt 0:01:05]} 1/2-1/2

[Event "Bamberg-Open 2019"]
[Site "Bamberg"]
[Date "2019.05.30"]
[Round "3.7"]
[White "Grosshans, Ralf-Michael"]
[Black "Laznicka, Viktor"]
[Result "0-1"]
[WhiteElo "2128"]
[BlackElo "2660"]
[Annotator "TA"]
[PlyCount "66"]
[EventDate "2019.05.12"]
[EventType "swiss"]
[EventCountry "GER"]
[SourceTitle "playchess.com"]
[Source "ChessBase"]
[SourceQuality "1"]

{[%evp 15,66,0,7,-21,-8,-21,-15,-42,-32,-54,28,-92,-70,-70,-50,-59,-52,-53,-48,-93,-86,-110,-103,-110,-98,-145,-103,-116,-91,-280,-277,-262,-269,-302,-264,-279,-246,-331,-319,-343,-331,-408,-356,-532,-514,-591,-585,-941,-892,-2190,-2112,-4126,-718]} 1. e4 c5 2. Nc3 Nc6 3. f4 e6 4. Nf3 a6 5. g3 d5 6. d3 Nf6 7. Bg2 Be7 8. e5 Nd7 9. h4 {B24: Closed Sicilian: 3 g3 sidelines} (9. O-O O-O 10. Kh1 Kh8 11. Ne2 b5 12. d4 Bb7 13. Be3 b4 14. g4 f6 15. c3 bxc3 16. bxc3 Rb8 17. Ng3 Qa5 {0-1 (49) Shkuro,I (2519)-Tukhaev,A (2534) Evpatoria 2009}) 9... b5 10. Ne2 $146 ({Predecessor:} 10. Ng5 Nb6 11. Qh5 g6 12. Qg4 Nd4 13. Qd1 h6 14. Nf3 Nf5 15. Ne2 Bb7 16. h5 Qc7 {½-½ (51) Smolen,J (2337)-Blaha,B (1987) Trencianske Teplice 2005}) 10... Qb6 11. d4 {The position is equal.} a5 12. c3 f5 ({Black should try} 12... b4 $15) 13. a4 (13. Be3 $11) 13... Ba6 14. axb5 Qxb5 15. Bf1 Qb6 16. Rh2 O-O 17. Neg1 cxd4 18. Bxa6 Qxa6 19. cxd4 Nb4 20. Ne2 Nd3+ 21. Kf1 Rfb8 22. Ne1 $2 {[#]} (22. b3 $17) 22... Nxb2 $19 23. Bxb2 Rxb2 24. Nd3 Rb7 25. Nec1 a4 {[%cal Ba5a4,Ba4a3][%mdl 32]} 26. Rha2 {[%cal Ra2a4]} a3 27. Kg2 Rab8 28. g4 Nf8 29. Kh3 (29. gxf5 $142 exf5 30. h5) 29... Qc4 {Black is clearly winning.} 30. gxf5 exf5 31. Nc5 Bxc5 32. dxc5 Ne6 33. Nd3 Qxd3+ {Accuracy: White = 21%, Black = 54%.} (33... Nxf4+ $142 34. Nxf4 Rb3+ 35. Kg2 Qe4+ 36. Kg1 Rb1) 0-1

[Event "Bamberg-Open 2019"]
[Site "Bamberg"]
[Date "2019.05.30"]
[Round "3.8"]
[White "Schliebener, Stephan"]
[Black "Pacher, Milan"]
[Result "0-1"]
[WhiteElo "2117"]
[BlackElo "2396"]
[Annotator "ChessBase"]
[PlyCount "82"]
[EventDate "2019.05.12"]
[EventType "swiss"]
[EventCountry "GER"]
[SourceTitle "playchess.com"]
[Source "ChessBase"]
[SourceQuality "1"]
[TimeControl "40/5400+30:900+30"]

1. d4 {[%emt 0:00:00]} Nf6 {[%emt 0:00:00]} 2. Bf4 {[%emt 0:00:00]} g6 {[%emt 0:00:04]} 3. Nc3 {[%emt 0:00:02]} d5 {[%emt 0:00:44]} 4. Nb5 {[%emt 0:01:54]} Na6 {[%emt 0:00:12]} 5. e3 {[%emt 0:00:25]} c6 {[%emt 0:00:55]} 6. Nc3 {[%emt 0:00:06]} Nc7 {[%emt 0:05:29]} 7. Be2 {[%emt 0:02:54]} Bg7 {[%emt 0:00:25]} 8. Be5 {[%emt 0:01:25]} O-O {[%emt 0:00:50]} 9. g4 {[%emt 0:01:50]} Nd7 {[%emt 0:02:15]} 10. Bxg7 {[%emt 0:01:44]} Kxg7 {[%emt 0:00:02]} 11. f4 {[%emt 0:05:07]} f6 {[%emt 0:01:47]} 12. Qd2 {[%emt 0:00:45]} e5 {[%emt 0:00:32]} 13. O-O-O {[%emt 0:00:30]} e4 {[%emt 0:01:26]} 14. h4 {[%emt 0:01:06]} b5 {[%emt 0:00:30]} 15. h5 {[%emt 0:00:30]} Nb6 {[%emt 0:01:15]} 16. Rf1 {[%emt 0:02:16]} a5 {[%emt 0:04:24]} 17. hxg6 {[%emt 0:05:26]} hxg6 {[%emt 0:00:05]} 18. Rf2 {[%emt 0:00:10]} Rh8 {[%emt 0:03:01]} 19. Rfh2 {[%emt 0:01:46]} Rxh2 {[%emt 0:00:09]} 20. Rxh2 {[%emt 0:00:05]} Qd6 {[%emt 0:13:04]} 21. Qe1 {[%emt 0:02:41]} Bd7 {[%emt 0:00:38]} 22. Qg3 {[%emt 0:09:31]} Rh8 {[%emt 0:07:40]} 23. Rxh8 {[%emt 0:00:52]} Kxh8 {[%emt 0:00:02]} 24. g5 {[%emt 0:11:02]} f5 {[%emt 0:00:32]} 25. Qe1 {[%emt 0:02:35]} b4 {[%emt 0:03:17]} 26. Nb1 {[%emt 0:00:48]} c5 {[%emt 0:00:23]} 27. c3 {[%emt 0:03:16]} Nb5 {[%emt 0:04:07]} 28. Bxb5 {[%emt 0:06:05]} Bxb5 {[%emt 0:00:04]} 29. b3 {[%emt 0:00:30]} Bd3 {[%emt 0:01:25]} 30. Qd2 {[%emt 0:02:14]} c4 {[%emt 0:04:14]} 31. Nh3 {[%emt 0:04:37]} cxb3 {[%emt 0:05:13]} 32. axb3 {[%emt 0:00:09]} a4 {[%emt 0:00:29]} 33. Nf2 {[%emt 0:04:45]} Bxb1 {[%emt 0:00:39]} 34. Kxb1 {[%emt 0:00:06]} axb3 {[%emt 0:00:15]} 35. cxb4 {[%emt 0:03:14]} Nc4 {[%emt 0:00:11]} 36. Qc3 {[%emt 0:00:14]} Qa6 {[%emt 0:00:16]} 37. Nd1 {[%emt 0:00:09]} Kg8 {[%emt 0:05:11]} 38. Kc1 {[%emt 0:01:21]} Qa3+ {[%emt 0:01:16]} 39. Kb1 {[%emt 0:00:36]} Kf7 {[%emt 0:00:33]} 40. b5 {[%emt 0:00:08]} Ke6 {[%emt 0:00:47]} 41. b6 {[%emt 0:18:34]} Kd7 {[%emt 0:15:09]} 0-1